000 01387nam0a2200361 4500
001 RU\NLR\BIBL_A\012506657
005 20210526162332.0
010 _a978-5-17-133481-9
_93000
021 _aRU
_bКН-П-25-010385
_9КН-П-25-1054
021 _aRU
_bКН-П-20-081928
_9КН-П-20-6213
035 _a(NLR Aleph) 012506657
035 _a(RuMoRGB)010518686
090 _a12254875
_c12254875
100 _a20210420d2020 d y0rusy50 ca
101 0 _arus
102 _aRU
105 _ay|||z|||000ay
181 0 _ai
_baxxe
182 0 _an
200 1 _aДорога уходит в даль…
_iВ рассветный час
_iВесна
_e[автобиографическая трилогия
_eповести
_eдля среднего школьного возраста]
_fАлександра Бруштейн
203 _aТекст
_bвизуальный
_cнепосредственный
210 _aМосква
_cАСТ
_d2020
215 _a860, [2] с.
_d21
225 1 _aЗолотая классика - детям!
333 _a12+
686 0 _aШ9(2)62=Р7-4
700 1 _aБруштейн
_bА. Я.
_f1884-1968
_gАлександра Яковлевна
_3RU\NLR\AUTH\7729721
942 _cBOOK
980 _aNBR
980 _aNB